Binary arithmentic and boolean algebra (Record no. 84633)

MARC details
000 -LEADER
fixed length control field 01103nam a2200181 a 4500
008 - FIXED-LENGTH DATA ELEMENTS--GENERAL INFORMATION
fixed length control field 080109s1965 ||||||||||||||||| || u
050 ## - LIBRARY OF CONGRESS CALL NUMBER
Classification number QA 10.3 Gil
100 ## - MAIN ENTRY--PERSONAL NAME
Personal name Gillie, Angelo C
245 10 - TITLE STATEMENT
Title Binary arithmentic and boolean algebra
260 ## - PUBLICATION, DISTRIBUTION, ETC.
Place of publication, distribution, etc. New York
Name of publisher, distributor, etc. McGraw-Hill
Date of publication, distribution, etc. 1965
300 ## - PHYSICAL DESCRIPTION
Extent viii, 248p. : ill.
350 ## -
-- 0.00
995 ## -
-- BINDERY (DAMAGED)
-- 0.00
-- 715991
-- CBU-MAIN LIBRARY (Kitwe)
-- 4
-- 1.65
-- QA 10.3 Gil
-- 4
-- DAMAGED
-- May 18, 2006
-- 011061
-- Main Library Open Access Collection
995 ## -
-- BINDERY (DAMAGED)
-- 0.00
-- 715988
-- CBU-MAIN LIBRARY (Kitwe)
-- 5
-- 1.65
-- QA 10.3 Gil
-- 5
-- DAMAGED
-- 011062
-- Main Library Open Access Collection
995 ## -
-- BINDERY (DAMAGED)
-- 0.00
-- 710320
-- CBU-MAIN LIBRARY (Kitwe)
-- 2
-- 1.65
-- QA 10.3 Gil
-- 2
-- DAMAGED
-- 011060
-- Main Library Open Access Collection
995 ## -
-- BINDERY (DAMAGED)
-- 0.00
-- 715987
-- CBU-MAIN LIBRARY (Kitwe)
-- 3
-- 1.65
-- QA 10.3 Gil
-- 3
-- DAMAGED
-- 011066
-- Main Library Open Access Collection
995 ## -
-- BINDERY (DAMAGED)
-- 0.00
-- 715990
-- CBU-MAIN LIBRARY (Kitwe)
-- 1
-- 1.65
-- QA 10.3 Gil
-- 1
-- DAMAGED
-- 715990
-- Main Library Open Access Collection
999 ## -
-- 84633
-- 84633

No items available.